Statistics for Answers Start with "ae" (æ)

Click here to take the quiz!

General Stats

  • This quiz has been taken 164 times
  • The average score is 9 of 18

Answer Stats

Ænswer% Correct
Aerosmith
83%
Aegean
80%
Aesop
80%
aeon
67%
aerobics
66%
Aeroflot
59%
aerodynamics
56%
aesthetics
52%
Aeneid
50%
aerate
47%
Aer Lingus
47%
aerosol
44%
Aeneas
42%
aerial
42%
aegis
30%
Aeolus
22%
Aenima
16%
aerogel
16%

Score Distribution

Percentile by Number Answered

Percent of People with Each Score

Your Score History

You have not taken this quiz